00567nam a22001937a 450000500170000001000130001702000100003003500130004003700160005304000120006908200130008110000190009424500960011326000320020927000140024130000260025565000510028165000410033220170124110035.0 aB-078835 c00.00 aB-078835 bCen Lib/Ret adplbEN a887bMOO aMoore, Michael aStupid white men :cby Michael Mooreband other sorry excuses for the state of the nation / bPenguin Booksc2002aLondon a80 Strand axxii,281p. c20cm(Hb) aPolitics and government -- 2001-2009 -- Humor. aSocial conditions -- 1980- -- Humor.